00386 a2200133 450000500170000002000180001708200120003510000190004724500370006625000120010326000420011530000700015770000250022720250625161848.0 a0-07-092199-7 a650 NIC aNICKELS, W. G. aUnderstanding Canadian Business. a5th Ed. aNew York,bMc Graw-Hill Irwin,c2005. axxix, 655p.: ill.; figure, picture, tablebGlossary & Indexc28cm aMCHUGH, J. M...et al